Statistics for Islands of British Indian Ocean Territory

Click here to take the quiz!

General Stats

  • This quiz has been taken 4 times
  • The average score is 3 of 7

Answer Stats

Answer% Correct
Diego Garcia
100%
Peros Banhos
67%
Danger Island
33%
Eagle Islands
33%
Egmont Islands
33%
Solomon Islands
33%
Three Brothers
33%

Score Distribution

Percentile by Number Answered

Percent of People with Each Score

Your Score History

You have not taken this quiz